Recovering Environmental and Economic Traditions in the Islamic World /

Recovering Environmental and Economic Traditions in the Islamic World is an interdisciplinary volume that interrogates varied approaches to environmental and economic thought in classical Islam and in a few contemporary case studies. The contributions in this volume critique the dominant economic sy...

وصف كامل

محفوظ في:

مؤلفون آخرون: Al-Daghistani, Sami (المحرر)

التنسيق: كتاب الكتروني

اللغة: English

منشور في: Leiden ; Boston : Brill, 2025.

سلاسل: Middle East and Islamic Studies E-Books Online, Collection 2024.
Themes in Islamic Studies ; 9.

الموضوعات:

الوصول للمادة أونلاين: Login to view Source

الوسوم: إضافة وسم

لا توجد وسوم, كن أول من يضع وسما على هذه التسجيلة!

رقم الطلب: BP172

LEADER 03317nam a22004818i 4500
001 BRILL9789004681033
003 nllekb
005 20241111181158.0
006 m d
007 cr un uuuua
008 240801s2025 gw sb 001 0 eng d
020 |a 9789004681033  |q (electronic book) 
020 |z 9789004681026  |q (print) 
024 7 |a 10.1163/9789004681033  |2 DOI 
035 |z (OCoLC)1440217381 
040 |a NL-LeKB  |c NL-LeKB  |e rda 
041 |a eng 
050 4 |a BP172 
072 7 |a HPDC  |2 bicssc 
082 0 4 |a 261.2/7  |2 23 
245 1 0 |a Recovering Environmental and Economic Traditions in the Islamic World /  |c edited by Sami Al-Daghistani. 
264 1 |a Leiden ;  |a Boston :  |b Brill,  |c 2025. 
264 4 |c ©2025 
300 |a 1 online resource (216 pages) :  |b illustrations. 
336 |a text  |b txt  |2 rdacontent 
337 |a computer  |b c  |2 rdamedia 
338 |a online resource  |2 rdacarrier 
490 1 |a Middle East and Islamic Studies E-Books Online, Collection 2024 
490 1 |a Themes in Islamic Studies ;  |v 9 
504 |a Includes bibliographical references and index. 
505 0 |t Preface -- Acknowledgments -- Notes on Contributors -- 1 Introduction -- Sami Al-Daghistani -- Part1 Premodern Islamic Environmental and Economic Thought -- 2 On Tazkiya and Zakāt al-Nafs : Decolonizing Modern Economic and Environmental Thought -- Sami Al-Daghistani -- 3 Islamic Environmental Economics and Sciences of Nature -- Waleed El-Ansary -- 4 A Neglected Notion: Classical Iqtiṣād and Contemporary Debates -- Katharina Ivanyi -- Part2 Modern Discourses on Water, Ecology, and Climate Change -- 5 Islamic Resources for Water Conservation and Management -- Natana Delong-Bas -- 6 Borrowing against the Future: Is Ecological Usury Changing the Climate? -- Sarah Robinson -- 7 Senegalese Responses to Climate Change: An Ethical Analysis -- Jonathan Brockopp -- Index. 
520 |a Recovering Environmental and Economic Traditions in the Islamic World is an interdisciplinary volume that interrogates varied approaches to environmental and economic thought in classical Islam and in a few contemporary case studies. The contributions in this volume critique the dominant economic system and its perspective on the environment as a commodity across the boundaries of multiple intellectual traditions and academic fields. The book analyses both historical trajectories and modern schools of thought while simultaneously exploring ethical applications to environmental and economic discourses as a tool of critique. In this context, the authors conceptualize and treat these discourses as polyvalent and enmeshed with various political, ethical, and cosmological perspectives and vistas. 
546 |a English 
588 |a Description based on print version record. 
650 0 |a Middle East and Islamic Studies. 
650 0 |a Religious Studies. 
700 1 |a Al-Daghistani, Sami,  |e editor. 
776 0 8 |i Print version:  |t Recovering Environmental and Economic Traditions in the Islamic World : .  |d Leiden ; Boston : Brill, 2025.  |z 9789004681026 
830 0 |a Middle East and Islamic Studies E-Books Online, Collection 2024. 
830 0 |a Themes in Islamic Studies ;  |v 9. 
856 4 |z DOI:   |u http://dx.doi.org/10.1163/9789004681033 
942 |2 lcc  |c EBOOK 
999 |c 59830  |d 59830